The toxic effects of some triorganotin [iv] compounds on the diamond-back moth, Plutella xylostella Linnaeus /
Saved in:
| Main Author: | |
|---|---|
| Format: | Thesis Book |
| Language: | English |
| Published: |
1987
|
| Subjects: | |
| Tags: |
Add Tag
No Tags, Be the first to tag this record!
|
| LEADER | 01445cam a2200325 a 4500 | ||
|---|---|---|---|
| 001 | u80915 | ||
| 003 | SIRSI | ||
| 008 | 880920s1987 my bt 00 1 eng m | ||
| 015 | |a X880082058 | ||
| 035 | |a AAI-8019 | ||
| 040 | |a UMM | ||
| 090 | |a SB945 |b D5Tay | ||
| 091 | |a Microfiche 10481 | ||
| 100 | 1 | 0 | |a Tay, Siew Huang. |
| 245 | 1 | 4 | |a The toxic effects of some triorganotin [iv] compounds on the diamond-back moth, Plutella xylostella Linnaeus / |c Tay Siew Huang |
| 260 | |c 1987 | ||
| 300 | |a vi, 119 leaves : |b ill., map. ; |c 30cm | ||
| 500 | |a Photocopy | ||
| 500 | |a Also available on microfiche. Kuala Lumpur : Perpustakaan Universiti Malaya, 1988. 3 microfiches ; negative, 11x15cm | ||
| 502 | |a Dissertation (M.Phil.) -- Institut Pengajian Tinggi, Universiti Malaya, 1987. | ||
| 504 | 0 | 0 | |a Bibliography: leaves 70-80 |
| 650 | 0 | |a Insects |x Effect of organotin compounds on | |
| 650 | 0 | |a Plutellidae |x Effect of organotin compounds on | |
| 650 | 0 | |a Organotin compounds. |x Toxicology | |
| 948 | |a 17/03/1991 |b 24/09/2003 | ||
| 596 | |a 1 | ||
| 999 | |a SB945 D5TAY |w LC |c 1 |i A500004944 |l STACKS |m P01UTAMA |r Y |s Y |t TESIS |u 23/10/1991 | ||
| 999 | |a SB945 D5TAY |w LC |c 2 |i A500001116 |d 17/9/1997 |l B_KOM4 |m P01UTAMA |n 1 |r Y |s Y |t TESIS |u 24/10/1991 |o .PUBLIC. bkom 4 : 43359 | ||
| 999 | |a SB945 D5TAY |w LC |c 3 |i A500001143 |l B_KOM4 |m P01UTAMA |r Y |s Y |t TESIS |u 24/10/1991 |o .PUBLIC. bkom 4 : 43353 | ||
| 999 | |a SB945 D5TAY |w LC |c 4 |i A010496716 |l STACKS |m P01UTAMA |r Y |s Y |t TESIS |u 23/4/1992 | ||
